Infekčná gastroenteritída ošípaných

Bibliographic Details
Main Authors: Gdovinová, Alžbeta, 1925-2009 (Author), Vrtiak, Otto Jaroslav, 1924-2001 (Author)
Format: Article
Language:Slovak
Subjects:

MARC

LEADER 00000nab a2200000 a 4500
001 vtls000071102
003 SK-MaSNL
005 20260304170958.0
008 220422c1980 xo 0 slo
015 |a SNBRB19rr/mm-uuuuu 
035 |a CL0081203 
040 |a SNKBUCL  |b slo  |c SNKBUCL  |e AACR2 
041 0 |a slo 
044 |a xo  |c SK 
080 |a 619  |2 1981 
080 |a 636.4  |2 1981 
080 |a 616.9  |2 1981 
100 1 |a Gdovinová, Alžbeta,  |d 1925-2009  |4 aut  |9 195954 
245 1 0 |a Infekčná gastroenteritída ošípaných  |c A. Gdovinová, O.J. Vrtiak 
650 0 7 |a ošípané  |2 snkbucl  |9 2795 
650 0 7 |a infekčné choroby  |2 snkbucl  |9 859 
650 0 7 |a infekčná gastroenteritída  |2 snkbucl  |9 1499041 
655 7 |a články z novín a časopisov  |2 snkbucl  |9 267496 
700 1 |a Vrtiak, Otto Jaroslav,  |d 1924-2001  |4 aut  |9 177804 
773 0 |t Imunoprofylaxia  |g Č. 2 (1980), s. 59-72 
850 |a Slovenská národná knižnica v Martine  |a MTA001 
852 |a SNK  |b KIS3GCP 
958 |a RK 
958 |a ME 
992 |a RBX 
999 |c 2990939  |d 2992869